000 01841cam a2200445 a 4500
001 8950
003 FISKH
005 20251111094223.0
008 090721s2010 nyua j 001 0beng
010 _a 2009030221
020 _a9780531237298
_qlib. bdg.
020 _a9780531223505
020 _a053123729X
_qlib. bdg.
040 _aDLC
_cDLC
_dDLC
_beng
050 0 0 _aRD27.35.W54
_bV564 2010
082 0 0 _a617.092
_aB
_222
100 1 _aVenezia, Mike.
245 1 0 _aDaniel Hale Williams :
_bsurgeon who opened hearts and minds /
_cwritten and illustrated by Mike Venezia.
260 _aNew York :
_bScholastic,
_c2010.
300 _a32 pages :
_bcolor illustrations ;
_c25 cm
336 _atext
_btxt
_2rdacontent
337 _aunmediated
_bn
_2rdamedia
338 _avolume
_bnc
_2rdacarrier
490 1 _aGetting to know the world's greatest inventors & scientists
500 _aIncludes index.
520 _aA biography of African American surgeon Dr. Daniel Hale Williams, who founded the first non-segregated hospital in the U.S. and who pioneered performing surgery on the lining around the heart.
521 1 _a008-012.
600 1 0 _aWilliams, Daniel Hale,
_d1856-1931
_vJuvenile literature.
600 1 1 _aWilliams, Daniel Hale,
_d1856-1931.
650 0 _aAfrican American surgeons
_vBiography
_vJuvenile literature.
650 0 _aSurgeons
_zUnited States
_vBiography
_vJuvenile literature.
650 1 _aAfrican Americans.
650 1 _aSurgeons.
655 7 _aLiterature.
_2lcgft
_0https://id.loc.gov/authorities/genreForms/gf2014026415
655 7 _aBiographies.
_2lcgft
_0https://id.loc.gov/authorities/genreForms/gf2014026049
800 1 _aVenezia, Mike.
_tGetting to know the world's greatest inventors & scientists.
906 _a7
_bcbc
_corignew
_d1
_eecip
_f20
_gy-gencatlg
942 _2ddc
_cBK
_n0
999 _c8950
_d8950